Prostná cvičení žákyň : společná cvičení pro rok 1939 : [text] /

Hlavní autor: Součková, Vlasta
Další autoři: Klein, Jiří
Jazyk: Čeština
Vydáno: Praha : Československá obec sokolská, 1939
Edice: Sokolská cvičení při hudbě
Témata:
Fyzický popis: 19 s. ; 12°
Knihy
Uloženo v:
LEADER 01179nam a22003252a 4500
001 001680368
003 CZ BrMZK
005 20240220095301.0
007 ta
008 190425s1939 xr er|||||||||||cze d
015 |a cnb000804995 
035 |a (OCoLC)85631145 
040 |a ABA001  |b cze  |c KLG001  |d ABD014  |d BOA001 
072 7 |a 796  |x Sport. Hry. Tělesná cvičení  |2 Konspekt  |9 20 
080 |a 796.411  |2 MRF 
080 |a 796.034.2  |2 MRF 
100 1 |a Součková, Vlasta  |4 aut 
245 1 0 |a Prostná cvičení žákyň :  |b společná cvičení pro rok 1939 : [text] /  |c sestavila Vlasta Součková ; hudba od Jiřího Kleina 
260 |a Praha :  |b Československá obec sokolská,  |c 1939 
300 |a 19 s. ;  |c 12° 
490 1 |a Sokolská cvičení při hudbě ;  |v sv. 307/T 
650 0 7 |a prostná cvičení  |7 ph172920  |2 czenas 
650 0 7 |a dívky  |7 ph119743  |2 czenas 
650 0 7 |a sokolské hnutí  |7 ph125828  |2 czenas 
700 1 |a Klein, Jiří  |7 jo2013776114  |4 cmp 
830 0 |a Sokolská cvičení při hudbě  |0 s 
910 |a BOA001  |b X-0369.320 
990 |a BK 
991 |b 201904 
996 6 |b 2618984790  |c X-0369.320  |l MZK  |r Sklad / do 24 hodin  |n 0  |w 001720481  |u 000010  |a 1  |e BOA001  |j MZK50  |s P